000 01287nam2a2200265 4500
001 RU\NLR\bibl\1057046
005 20250615035731.0
021 _aRU
_b2007-4124
_9206
035 _a(NLR Aleph) 001044333
090 _a838544
_c838544
100 _a20070312d2006 |||y0rusy50 ca
101 0 _arus
_aeng
102 _aRU
105 _ay |||||||||
200 0 _aЧ. 2
210 _d2006
_aБ. м.
215 _a65 с.
300 _aНа тит.л. подзаг.: Английский язык: учебно-методическое пособие: для студентов 1 курса экологического факультета
320 _aБиблиогр.: с. 65 (9 назв.)
461 0 _1001RU\NLR\bibl\887194
_12001#$aA guide to ecology$vЧ. 2
_91627469
_aКиселева, Н. Н. (филолог)
_cМосква
_d2004
_fН.Н. Киселева
_nИзд-во Российского университета дружбы народов
_oучебное пособие по английскому языку : для студентов 1 курса экологического факультета
_tA guide to ecology
_vЧ. 2
801 0 _aRU
_bNLR
_c20070312
_gRCR
801 1 _aRU
_bNLR
_c20070312
942 _cBOOK
980 _aNB